000 00287nam a22001337a 4500
008 170526b xxu||||| |||| 00| 0 eng d
020 _a9780072423709
041 _aeng
080 _a621.3
100 _a25
101 _aIM
245 _aELECRICMACHINES
_cCATHEY, J.J
942 _2udc
_cBK
999 _c14381
_d14381